Development and empowerment understanding the social sphere / (Record no. 81230)

MARC details
000 -LEADER
fixed length control field 00917nam a22002537a 4500
005 - DATE AND TIME OF LATEST TRANSACTION
control field 20131227113113.0
010 ## - LCCN (DPL NO)
LC control number ENG-108888
020 ## - INTERNATIONAL STANDARD BOOK NUMBER
International Standard Book Number 9789382816096
Terms of availability 1150.00
035 ## - SYSTEM CONTROL NUMBER
System control number EN-92421
037 ## - SOURCE OF ACQUISITION
Source of stock number/acquisition DBAD/PUB
082 ## - DEWEY DECIMAL CLASSIFICATION NUMBER
Classification number 361.250954
100 ## - MAIN ENTRY--PERSONAL NAME
Personal name Venkata Rao, P.
245 ## - TITLE STATEMENT
Title Development and empowerment understanding the social sphere /
Statement of responsibility, etc by P. Venkata Rao
260 ## - PUBLICATION, DISTRIBUTION, ETC. (IMPRINT)
Place of publication, distribution, etc New Delhi
Name of publisher, distributor, etc Manglam Publishers and Distributors
Date of publication, distribution, etc 2013
270 ## - ADDRESS
Address L-21/1, Street No.5, Shivaji Marg, Near Kali Mandir, J.P. Nagar, Kartar Nagar , West Ghonda
City New Delhi
Postal code 110053
300 ## - PHYSICAL DESCRIPTION
Extent 443p.
Dimensions 22cm(Hb)
500 ## - GENERAL NOTE
General note Contributed articles.
500 ## - GENERAL NOTE
General note Includes bibliographical references.
650 ## - SUBJECT ADDED ENTRY--TOPICAL TERM
Topical term or geographic name as entry element Social planning
Geographic subdivision India.
650 ## - SUBJECT ADDED ENTRY--TOPICAL TERM
Topical term or geographic name as entry element Community development
Geographic subdivision India.
650 ## - SUBJECT ADDED ENTRY--TOPICAL TERM
Topical term or geographic name as entry element Social service
Geographic subdivision India.
650 ## - SUBJECT ADDED ENTRY--TOPICAL TERM
Topical term or geographic name as entry element Women
Geographic subdivision India
General subdivision Social conditions.
942 ## - ADDED ENTRY ELEMENTS (KOHA)
Source of classification or shelving scheme Dewey Decimal Classification
Item type English Books
Call number suffix VEN
Classification part 361.250954
Holdings
Withdrawn status Lost status Not for loan Collection code Home library Current library Date acquired Source of acquisition Cost, normal purchase price Full call number Barcode Copy number Cost, replacement price Koha item type
    Not For Loan Non-fiction D.B.Act.Division D.B.Act.Division 18/12/2013 DBAD/PUB 1150.00 361.250954 VEN EN-92421 1 1150.00 English Books

© Delhi Public Library
Hit Counter
free hit counter